000 01167nam a2200265 a 4500
001 000019541
005 20250507132555.0
008 100630s2008 cu ac 000 0 spa d
020 _a9789592105355
040 _aDO-SdBNP
_bspa
_cBNPHU
082 _a972.9105
_bP124p
100 1 _aPadrón Valdés, Abelardo H.
_941941
245 1 0 _aPanchito Gómez Toro :
_blealtad probada /
_cAbelardo H. Padrón Valdés ; edición Lourdes Escalona Mariño ; corrección Belén M. Sardiñas Álvarez y Leonella López ; prólogo Jorge Ibarra Cuesta.
260 _aLa Habana Vieja, Ciudad de La Habana :
_bAbril,
_c2008.
300 _a296 p. :
_bretrs. ;
_c23 cm.
504 _aIncluye referencias bibliográficas y notas al pie de las páginas
600 1 4 _aGÓMEZ TORO, PANCHITO
_d1876-1896
_qFRANCISCO GÓMEZ TORO
_941942
650 4 _aRevolucionarios
_zCuba
_vBIOGRAFÍA
_941943
651 4 _aCuba
_xHistoria
_yREVOLUCIÓN, 1895-1898
_93989
700 1 _aEscalona Mariño, Lourdes,
_eed.
_941944
700 1 _aSardiñas Álvarez, Belén M.,
_ecorr.
_941945
700 1 _aLópez, Leonella,
_ecorr.
_941946
700 1 _aIbarra Cuesta, Jorge
_d1931-2017
_epról.
_941947
049 _aBNPD
999 _c19057
_d19057